000 00470nam a22001697a 4500
005 20180208114702.0
008 160428b xxu||||| |||| 00| 0 eng d
020 _a81-7656742-6
041 _aeng
082 _b00656
_a005.7585
100 _aBayross, Ivan
_9121
245 _aCommercial Application Development Using:ORACLE DEVELOPER 2000 FORMS 6i
260 _aNew Delhi
_bBPB Publishing,
_c2003
300 _a545
650 _aInformation Technology
_9137
942 _cBK
999 _c189
_d189